| 000 | nam a22 a 4500 | ||
|---|---|---|---|
| 999 |
_c643 _d643 |
||
| 003 | AKMAL | ||
| 005 | 20170504142548.0 | ||
| 008 | 170504s1997 my | e | 000 0 may d | ||
| 020 |
_a9676901458 (kkt.) : _cRM20.00 |
||
| 020 | _a9789676901453 | ||
| 039 | 9 |
_a201008270939 _bazma _c201008241542 _dazma _c201004061105 _dmaulidiah _c200806251222 _drfid1 |
|
| 040 |
_aAKMAL _cAKMAL |
||
| 049 | _aklpmal | ||
| 082 | 0 | 4 |
_a158.2 CAR _222 |
| 090 | 0 | 0 |
_a158.2 _bCAR |
| 090 | 2 | 0 |
_a158.2 _bCAR |
| 100 | 1 |
_aCarnegie, Dale, _d1888-1955 _91308 |
|
| 245 | 1 | 0 |
_aBagaimana hendak mendapatkan kawan & mempengaruhi seseorang / _cDale Carnegie ; penterjemah Yusof Hj. Wanjor |
| 246 | 1 |
_iTerjemahan dari: _aHow to win friends and influence people by Dale Carnegie |
|
| 260 |
_aBatu Caves, Selangor : _bThinker's Library, _c1997 |
||
| 300 |
_axvi, 259ms. ; _c23cm. |
||
| 500 | _aJuga terdapat judul bahasa Inggeris di kulit depan | ||
| 650 | 1 | 0 |
_aSuccess _92 |
| 700 | 0 |
_aYusof Hj Wanjor _91379 |
|
| 942 |
_2ddc _cBOOK |
||